5HLuxD.jpg

KING HENRY VIII SENIOR AND PRIMARY SCHOOL LIBRARY OPAC

Collins Mandarin Chinese Dictionary. (Record no. 4287)

000 -LEADER
fixed length control field 00870nam a22002177a 4500
003 - CONTROL NUMBER IDENTIFIER
control field OSt
005 - DATE AND TIME OF LATEST TRANSACTION
control field 20250205085904.0
008 - FIXED-LENGTH DATA ELEMENTS--GENERAL INFORMATION
fixed length control field 250205b ||||| |||| 00| 0 eng d
020 ## - INTERNATIONAL STANDARD BOOK NUMBER
International Standard Book Number 9780008120481
040 ## - CATALOGING SOURCE
Transcribing agency KH8
082 ## - DEWEY DECIMAL CLASSIFICATION NUMBER
Classification number 495.132 MAN
130 ## - MAIN ENTRY--UNIFORM TITLE
Uniform title Mandarin Chinese Dictionary
245 ## - TITLE STATEMENT
Title Collins Mandarin Chinese Dictionary.
260 ## - PUBLICATION, DISTRIBUTION, ETC.
Place of publication, distribution, etc. UK ;
Name of publisher, distributor, etc. HarperCollins Publishers ,
Date of publication, distribution, etc. 2016.
300 ## - PHYSICAL DESCRIPTION
Extent xxxviii, 1130 pages :
Dimensions 20 vm.
520 ## - SUMMARY, ETC.
Summary, etc. The home of trusted Mandarin dictionaries for everyday language learning.<br/>A clear, modern Chinese to English and English to Chinese dictionary. The essential reference book for Chinese: an up-to-date dictionary and a user-friendly language supplement in one handy volume.
650 ## - SUBJECT ADDED ENTRY--TOPICAL TERM
Topical term or geographic name entry element Mandarin
Form subdivision dictionary
650 ## - SUBJECT ADDED ENTRY--TOPICAL TERM
Topical term or geographic name entry element Mandarin - English
Form subdivision dictionary
650 ## - SUBJECT ADDED ENTRY--TOPICAL TERM
Topical term or geographic name entry element Mandarin
Form subdivision guide dictionary
942 ## - ADDED ENTRY ELEMENTS (KOHA)
Source of classification or shelving scheme
Koha item type Books - Non Ficton
Holdings
Withdrawn status Lost status Source of classification or shelving scheme Damaged status Not for loan Collection code Permanent Location Current Location Shelving location Date acquired Full call number Barcode Date last seen Price effective from Koha item type
          Reference KH8 Senior School Library KH8 Senior School Library Reference 2025-02-05 495.132 MAN 3KHSL000102180 2025-02-05 2025-02-05 Reference

Powered By KH8 IT Dept